000 00591nam a2200205 a 4500
999 _c2038
_d2038
007 ta
008 200127r2016 ii ||||g |||| 00| 0 eng d
020 _a9789384175108
_cRs. 600.00
040 _aKO
_beng
041 0 _aeng
044 _aii
082 0 4 _223
_a032
_bC73848
245 1 0 _aCompetition Success review :
_bGeneral Knowledge Encyclopedia 2016 /
260 _aNew Delhi :
_bCompetition Review Pvt. Ltd. ,
_c2016 .
300 _a416 p. :
_c20 cm .
650 0 _aBrown, Encyclopedia (Fictitious character)
_vHandbooks, manuals, etc
904 _aReshma_R
942 _cBK